Związki handlowe i kulturalne miast małopolskich ze Słowacją w XV i XVI stuleciu

Bibliographic Details
Main Author: Kiryk, Feliks (Author)
Format: Article
Language:Polish
PhysicalDescription:Tab.
ISBN:8022406368
Subjects:

MARC

LEADER 00000naa a2200000 ar4500
001 vtls009087127
003 SK-MaSNL
005 20260319074740.0
008 070815e2000 xo | ||ab |||| ||pol
015 |a SNBRA2007/08  |2 snkbucl 
038 |a SNKBUCL 
040 |a SNKBUCL  |b slo  |c SNKBUCL  |e AACR2 
041 0 |a pol  |b slo 
044 |a xo  |c SK 
080 |a 339  |x (437.6)  |x "14/15"  |2 1997 
080 |a 339  |x (438)  |x "14/15"  |2 1997 
080 |a 94(437.6):33  |x "14/15"  |2 1997 
080 |a 94(438):33  |x "14/15"  |2 1997 
080 |a 008  |x (437.6)  |x "14/15"  |2 1997 
080 |a 008  |x (438)  |x "14/15"  |2 1997 
100 1 |a Kiryk, Feliks  |4 aut  |9 727236 
245 1 0 |a Związki handlowe i kulturalne miast małopolskich ze Słowacją w XV i XVI stuleciu  |c Feliks Kiryk 
300 |b Tab. 
504 |a Bibliogr. odkazy v poznámkach 
546 |a Res. slov. 
648 7 |a 15.-17. stor.  |2 snkbucl  |9 290006 
650 0 7 |a obchodná spolupráca  |2 snkbucl  |9 835312 
650 0 7 |a kultúrna spolupráca  |2 snkbucl  |9 83473 
650 0 7 |a obchod  |2 snkbucl  |9 2198 
650 0 7 |a obchodné vzťahy  |2 snkbucl  |9 374318 
650 0 7 |a kultúrne vzťahy  |2 snkbucl  |9 3851 
650 0 7 |a kultúrne dejiny  |2 snkbucl  |9 4307 
650 0 7 |a hospodárske dejiny  |2 snkbucl  |9 2284 
651 7 |a Poľsko južné  |x dejiny  |2 snkbucl  |9 835313 
651 7 |a Malopoľsko (Poľsko)  |x dejiny  |2 snkbucl  |9 620021 
651 7 |a Slovensko  |x dejiny  |2 snkbucl  |9 13278 
655 7 |a štúdie  |2 snkbucl  |9 57033 
773 0 |t Historické štúdie. 41  |d Bratislava : VEDA, 2000  |g S. 9-33  |z 8022406368 
852 |a SNK  |b KIS3GCP 
958 |a NB 
958 |a SK 
958 |a PL 
999 |c 1348709  |d 1350639